000 007600000a22002290004500
090 _aAR
_b02868
245 1 0 _aComparison of richness hotspots, rarity hotspots, and complementary areas for conserving diversity of british birds
650 1 4 _aAves
_992429
650 1 4 _aRiqueza de especies
_93326
650 1 4 _aAreas protegidas
_978
650 1 4 _aBiología de la conservación
_93740
651 4 _pInglaterra
_992749
041 0 _aInglés
700 1 _aGibbons, David
_996336
700 1 _aMargules, Chris R.
_912615
700 1 _aRebelo, Anthony G.
_994284
700 1 _aHumphries, Chris
_996337
700 1 _aPressey, Robert L.
_992872
100 1 _aWilliams, Paul
_996338
942 _cARTICULO
773 1 _tConservation Biology
_324
_h1
_q155-174
_d1996
_g10
999 _c11928
_d11928